Statistics for 6 Groups of 6- Geography #2

Click here to take the quiz!

General Stats

  • This quiz has been taken 587 times
  • The average score is 30 of 36

Answer Stats

HintAnswer% Correct
Countries in Mainland Southeast AsiaLaos
96%
Countries bordering the Black SeaTurkey
96%
Countries in Mainland Southeast AsiaVietnam
96%
Countries in Mainland Southeast AsiaCambodia
95%
Countries touching the Rhine RiverGermany
95%
Countries in Mainland Southeast AsiaThailand
94%
Countries in Mainland Southeast AsiaMyanmar
93%
Countries bordering the Black SeaRussia
92%
Countries touching the Rhine RiverAustria
91%
Countries with territory in MelanesiaFrance
91%
Countries touching the Rhine RiverFrance
91%
New England (US) StatesMaine
91%
Countries bordering the Black SeaUkraine
90%
Countries touching the Rhine RiverSwitzerland
89%
Countries bordering the Black SeaBulgaria
88%
Countries in Mainland Southeast AsiaMalaysia
88%
New England (US) StatesMassachusetts
88%
New England (US) StatesVermont
88%
New England (US) StatesNew Hampshire
87%
New England (US) StatesRhode Island
87%
Countries bordering the Black SeaRomania
87%
Countries located entirely in the LevantIsrael
86%
Countries located entirely in the LevantJordan
86%
Countries located entirely in the LevantSyria
86%
New England (US) StatesConnecticut
85%
Countries located entirely in the LevantLebanon
85%
Countries touching the Rhine RiverNetherlands
84%
Countries bordering the Black SeaGeorgia
83%
Countries touching the Rhine RiverLiechtenstein
75%
Countries with territory in MelanesiaPapua New Guinea
74%
Countries with territory in MelanesiaIndonesia
73%
Countries with territory in MelanesiaFiji
66%
Countries with territory in MelanesiaSolomon Islands
65%
Countries located entirely in the LevantCyprus
64%
Countries with territory in MelanesiaVanuatu
64%
Countries located entirely in the LevantPalestine
58%

Score Distribution

Percentile by Number Answered

Percent of People with Each Score

Your Score History

You have not taken this quiz